000 00508nam a2200181Ia 4500
008 240729s9999 xx 000 0 und d
022 _a2772-3747
245 0 _aJACC: Asia
260 _aUnited States
260 _bElsevier
650 _a Diseases of the circulatory (Cardiovascular) system
650 _a Internal medicine
650 _a Specialties of internal medicine
650 _aMedicine
856 _uhttps://doaj.org/toc/190867908bf34a8d982d4ff2caa0bbdd
942 _2ddc
942 _cDOAJEJ
999 _c73274
_d73274
945 _a1
_bMadushi Gamage
_c1
_dMadushi Gamage